Del Cabo de la Vela a Nazareth / (Registro nro. 6632)
[ vista simple ]
| 000 -LEADER | |
|---|---|
| fixed length control field | 01348nam a22002777a 4500 |
| 003 - CONTROL NUMBER IDENTIFIER | |
| control field | OSt |
| 005 - DATE AND TIME OF LATEST TRANSACTION | |
| control field | 20200317123240.0 |
| 008 - FIXED-LENGTH DATA ELEMENTS--GENERAL INFORMATION | |
| fixed length control field | 200303s2010 ck ao||gr|||| 00| 0 spa d |
| 020 ## - INTERNATIONAL STANDARD BOOK NUMBER | |
| International Standard Book Number | 9789589968239 |
| 040 ## - CATALOGING SOURCE | |
| Original cataloging agency | CO-JMCR |
| Transcribing agency | CO-JMCR |
| 041 0# - LANGUAGE CODE | |
| Language code of text/sound track or separate title | spa |
| 082 04 - DEWEY DECIMAL CLASSIFICATION NUMBER | |
| Classification number | 770.98918 / |
| Item number | R459d |
| 100 1# - MAIN ENTRY--PERSONAL NAME | |
| Personal name | Reyna, María Soledad, |
| Relator term | editora |
| 9 (RLIN) | 1105 |
| 245 10 - TITLE STATEMENT | |
| Title | Del Cabo de la Vela a Nazareth / |
| Statement of responsibility, etc. | dirección y edición María Soledad Reyna ; textos, Alberto Salcedo Ramos y Weildler Guerra Curvelo ; fotografía, Antonio Castañeda Buraglia |
| 260 ## - PUBLICATION, DISTRIBUTION, ETC. | |
| Place of publication, distribution, etc. | Bogotá : |
| Name of publisher, distributor, etc. | Letrarte Editores, |
| Date of publication, distribution, etc. | impresión 2010 |
| 300 ## - PHYSICAL DESCRIPTION | |
| Extent | [110] páginas : |
| Other physical details | principalmente fotografías a color ; |
| Dimensions | 25 cm. |
| 490 0# - SERIES STATEMENT | |
| Series statement | Pueblos |
| 500 ## - GENERAL NOTE | |
| General note | Incluye datos biográficos de los autores. |
| 520 ## - SUMMARY, ETC. | |
| Summary, etc. | La colección Pueblos, de Letrarte, es una invitación a recorrer el territorio colombiano con mirada sensible, serena y escrutadora, que descubra los pliegues íntimos del cuerpo y el alma de la patria, en 32 libros con imágenes representativas de los 32 departamentos. |
| 650 14 - SUBJECT ADDED ENTRY--TOPICAL TERM | |
| Topical term or geographic name entry element | Ciudades y pueblos |
| General subdivision | fotografías |
| Form subdivision | Colombia |
| 9 (RLIN) | 1111 |
| 650 14 - SUBJECT ADDED ENTRY--TOPICAL TERM | |
| Topical term or geographic name entry element | Fotografías |
| Geographic subdivision | Guajira |
| 9 (RLIN) | 1112 |
| 700 1# - ADDED ENTRY--PERSONAL NAME | |
| Personal name | Salcedo Ramos, Alberto, |
| Relator term | textos |
| 9 (RLIN) | 1113 |
| 700 1# - ADDED ENTRY--PERSONAL NAME | |
| Personal name | Guerra Curvelo, Weildler, |
| Relator term | textos |
| 9 (RLIN) | 1114 |
| 700 1# - ADDED ENTRY--PERSONAL NAME | |
| Personal name | Castañeda Buraglia, Antonio, |
| Relator term | fotógrafo |
| 9 (RLIN) | 1110 |
| 942 ## - ADDED ENTRY ELEMENTS (KOHA) | |
| Source of classification or shelving scheme | Dewey Decimal Classification |
| Koha item type | Books |
| Withdrawn status | Lost status | Source of classification or shelving scheme | Damaged status | Not for loan | Collection code | Home library | Current library | Shelving location | Date acquired | Source of acquisition | Cost, normal purchase price | Total Checkouts | Full call number | Barcode | Date last seen | Date last checked out | Copy number | Price effective from | Koha item type |
|---|---|---|---|---|---|---|---|---|---|---|---|---|---|---|---|---|---|---|---|
| Dewey Decimal Classification | Non-fiction | Biblioteca Pública José María del Castillo y Rada | Biblioteca Pública José María del Castillo y Rada | Processing Center | 12/12/2018 | Donación | 0.00 | 2 | 770.98918 / R459d | 201809402 | 02/04/2026 | 02/04/2026 | Ej.1 | 03/03/2020 | Books |